000 00483nam a22001937a 4500
003 MPLRDC
005 20220104154757.0
008 210129b ||||| |||| 00| 0 eng d
020 _a957-621-883-7
082 _a552.2832 WSR
100 _a温世仁
245 _a温世仁观点
_c
250 _a初版
260 _a台湾
_b天下远见出版股份有限公司
_c2001
300 _b215
490 _a财经企业. 234
650 _a中国经济
942 _cBK
_o552.2832 WSR
999 _c54150
_d54140